000 00795nam a22002417a 4500
003 CBULib
005 20240918082120.0
008 230915b |||||||| |||| 00| 0 eng d
020 _a9781498759083
040 _bEnglish
_cCBULib
_erda
041 _aeng
050 _aTA 330 Paw
100 _9778
_aPawlak, Ralph R.
245 _aSolving complex industrial problems without statistics
_c/ by Ralph R. Pawlak
260 _aBoca Raton :
_bCRC Press,
_c2016
300 _axxiv,143 pages: illustrations
336 _2rdacontent
_aText |
_btxt
337 _2rdamedia
_aUnmediated |
_bn
338 _2rdacarrier
_aVolume
_bnc
650 0 _2Library of congress
_9779
_aENGINEERING MATHEMATICS
650 0 _2Library of congress
_9780
_aMANUFACTURING PROCESSES--MATHEMATICAL MODELS
942 _2lcc
_c002
999 _c82132
_d82132